<?xml version="1.0" encoding="UTF-8"?>
<record
    xmlns:xsi="http://www.w3.org/2001/XMLSchema-instance"
    xsi:schemaLocation="http://www.loc.gov/MARC21/slim http://www.loc.gov/standards/marcxml/schema/MARC21slim.xsd"
    xmlns="http://www.loc.gov/MARC21/slim">

  <leader>02126nab a22003017a 4500</leader>
  <datafield tag="999" ind1=" " ind2=" ">
    <subfield code="c">6518</subfield>
    <subfield code="d">6518</subfield>
  </datafield>
  <controlfield tag="003">OSt</controlfield>
  <controlfield tag="005">20260219100443.0</controlfield>
  <controlfield tag="008">190429b        xxu||||| |||| 00| 0 spa d</controlfield>
  <datafield tag="040" ind1=" " ind2=" ">
    <subfield code="c">PJ</subfield>
  </datafield>
  <datafield tag="100" ind1=" " ind2=" ">
    <subfield code="9">4642</subfield>
    <subfield code="a">Vaninetti, Hugo A.</subfield>
  </datafield>
  <datafield tag="245" ind1="1" ind2="0">
    <subfield code="a">Implementaci&#xF3;n del Sistema de Reconocimiento Facial de Pr&#xF3;fugos (SRFP) de la Ciudad Aut&#xF3;noma de Buenos Aires :
</subfield>
    <subfield code="b">el necesario resguardo de los derechos y garant&#xED;as constitucionales /</subfield>
    <subfield code="c">Hugo A. Vaninetti.</subfield>
  </datafield>
  <datafield tag="260" ind1=" " ind2=" ">
    <subfield code="c">Ciudad Aut&#xF3;noma de Buenos Aires :</subfield>
    <subfield code="a">Thomson Reuters La Ley, </subfield>
    <subfield code="b">2024.</subfield>
  </datafield>
  <datafield tag="300" ind1=" " ind2=" ">
    <subfield code="a">p. 231-238</subfield>
  </datafield>
  <datafield tag="500" ind1=" " ind2=" ">
    <subfield code="a">Cita: TR LALEY AR/DOC/1470/2023</subfield>
  </datafield>
  <datafield tag="505" ind1=" " ind2=" ">
    <subfield code="a">Sumario: I. Palabras previas.&#x2014; II. Antecedentes del caso.&#x2014; III. Sentencia de la C&#xE1;mara de Apelaciones en lo Contencioso Administrativo Tributario y Relaciones de Consumo de la Ciudad Aut&#xF3;noma de Buenos Aires.&#x2014; IV. Biometr&#xED;a. Afectaci&#xF3;n del derecho a la intimidad e imagen.&#x2014; V. La imagen como dato personal. Derecho a la intimidad.&#x2014; VI. El dato biom&#xE9;trico como dato personal. Resoluci&#xF3;n 4/2019 de la Agencia de Acceso a la Informaci&#xF3;n P&#xFA;blica.&#x2014; VII. Sistemas de Reconocimiento Facial. Definici&#xF3;n.&#x2014; VIII. Reconocimiento facial autom&#xE1;tico y la Inteligencia Artificial (IA).&#x2014; IX. Problemas que acarrea el reconocimiento facial.&#x2014; X. Palabras finales.</subfield>
  </datafield>
  <datafield tag="505" ind1=" " ind2=" ">
    <subfield code="a">Fallo comentado:  CContenciosoadministrativo, Trib. y Relaciones de Consumo, Ciudad Aut&#xF3;noma de Buenos Aires, sala I ~ 28/04/2023 ~ Observatorio de Derecho Inform&#xE1;tico Argentino O.D.I.A. y otros c. GCBA s/ Amparo - Otros.</subfield>
  </datafield>
  <datafield tag="505" ind1=" " ind2=" ">
    <subfield code="t">Si te interesa el texto completo, solicitalo a koha@justierradelfuego.gov.ar</subfield>
  </datafield>
  <datafield tag="650" ind1=" " ind2="0">
    <subfield code="9">343</subfield>
    <subfield code="a">DERECHO PENAL</subfield>
  </datafield>
  <datafield tag="650" ind1=" " ind2="0">
    <subfield code="9">290</subfield>
    <subfield code="a">SOFTWARE</subfield>
  </datafield>
  <datafield tag="650" ind1=" " ind2="0">
    <subfield code="9">2876</subfield>
    <subfield code="a">MEDIDAS DE SEGURIDAD</subfield>
  </datafield>
  <datafield tag="650" ind1=" " ind2="0">
    <subfield code="9">4026</subfield>
    <subfield code="a">FUERZAS DE SEGURIDAD</subfield>
  </datafield>
  <datafield tag="650" ind1=" " ind2="0">
    <subfield code="9">3016</subfield>
    <subfield code="a">POL&#xCD;TICAS PUBLICAS</subfield>
  </datafield>
  <datafield tag="650" ind1=" " ind2="0">
    <subfield code="9">2724</subfield>
    <subfield code="a">DERECHO A LA INTIMIDAD</subfield>
  </datafield>
  <datafield tag="650" ind1=" " ind2="0">
    <subfield code="9">5557</subfield>
    <subfield code="a">DERECHO A LA IMAGEN</subfield>
  </datafield>
  <datafield tag="650" ind1=" " ind2="0">
    <subfield code="9">4108</subfield>
    <subfield code="a">DATOS PERSONALES</subfield>
  </datafield>
  <datafield tag="773" ind1="0" ind2=" ">
    <subfield code="0">2658</subfield>
    <subfield code="9">3164</subfield>
    <subfield code="t">Revista de derecho penal y criminolog&#xED;a. N&#xBA; 7 - Julio 2024</subfield>
    <subfield code="d">Ciudad Aut&#xF3;noma de Buenos Aires : Thomson Reuters La Ley, 2017-</subfield>
    <subfield code="x">00347914</subfield>
  </datafield>
  <datafield tag="942" ind1=" " ind2=" ">
    <subfield code="2">udc</subfield>
    <subfield code="c">ANA</subfield>
  </datafield>
</record>
